|
|
|
|
| LEADER |
01009nam a22002657a 4500 |
| 001 |
36183 |
| 003 |
BD-DhAAL |
| 005 |
20211130150738.0 |
| 008 |
191103r20011984ii ||||| b||| 00| 0 eng d |
| 999 |
|
|
|c 41715
|d 41715
|
| 020 |
|
|
|a 8120701011
|
| 040 |
|
|
|a BD-DhAAL
|
| 082 |
|
|
|a 370.78
|
| 100 |
|
|
|a Sidhu, Kulbir Singh
|9 36670
|
| 245 |
|
|
|a Methodology of research in education /
|c Kulbir Singh Sidhu
|
| 260 |
|
|
|a New Delhi :
|b Sterling Publishers Private,
|c c2001 [reprinted 1984]
|
| 300 |
|
|
|a iv, 308 pages ;
|c 22 cm
|
| 504 |
|
|
|a Includes bibliographical references.
|
| 526 |
|
|
|a BIED
|
| 541 |
|
|
|a Complimentary copy from BIED
|e 36183
|
| 650 |
|
|
|a Education
|x Research.
|9 36671
|
| 650 |
|
|
|a Research
|x Methodology.
|9 36672
|
| 852 |
|
|
|a Ayesha Abed Library
|c BIED Collection
|
| 942 |
|
|
|2 ddc
|c BK
|
| 952 |
|
|
|0 0
|1 0
|2 ddc
|4 0
|6 370_780000000000000_SID
|7 0
|9 66979
|a BRACUL
|b BRACUL
|c GEN
|d 2019-11-03
|e Complimentary copy from BIED
|l 0
|o 370.78 SID
|p 3010036183
|r 2019-11-03
|t 1
|w 2019-11-03
|y BK
|x Transferred from BIED to General Stacks
|